| 000 | 00491nam a2200133 a 4500 | ||
|---|---|---|---|
| 008 | 120416s1997 ||||||||||||||||| || u | ||
| 020 | _a075063846X | ||
| 050 | _aTK 5105.875.I57 Mac | ||
| 100 | _aMcBride, P. K | ||
| 245 | 1 | 4 | _aThe internet for windows 95 made simple |
| 260 |
_aOxford _bButterworth-Heinemann _c1997 |
||
| 350 | _a0.00 | ||
| 995 |
_D0.00 _FCBU-MAIN LIBRARY (Kitwe) _H1 _I7.99 _M1 _UDAMAGED _ZMain Library Open Access Collection |
||
| 999 |
_c47521 _d47521 |
||